000
00228nam a2200097Ia 4500
008
240331s9999 xx 000 0 und d
082
_b
PAN
100
_a
Balasubramanim, R. ed
245
0
_a
Pannaddu thamilarum panpaadum
942
_c
L
999
_c
4311
_d
4311